Perú e Italia, 1821-2021 : (Registro nro. 21812)

Detalles MARC
000 -Cabecera
Campo de control interno 00931nam a2200265Ia 4500
005 - Fecha y hora del registro
control field 20260320113314.0
008 - Elementos de Longitud Fija
fixed length control field 260320s9999||||xx |||||||||||||| ||und||
020 ## - ISBN
ISBN 9786124329814
041 ## - Idioma
Codigo Idioma ESP
082 ## - DEWEY y NOTACIÓN INTERNA
Dewey 325.2450985
Notación Interna B73
100 ## - AUTOR
Autor denominación Bonfiglio, Giovanni,
Término de relación compilador
245 #0 - TÍTULO DE MATERIAL BIBLIOGRÁFICO
Título Perú e Italia, 1821-2021 :
Título paralelo dos siglos de relaciones fructíferas
246 ## - TÍTULO TRADUCIDO
Título
Título paralelo
Autor
250 ## - EDICIÓN
Edición Primera edición
260 ## - CIUDAD, EDITORIAL, AÑO
Ciudad Lima :
Nombre de la Editorial Fondo Editorial del Congreso del Perú,
Año 2023
300 ## - DESCRIPCIÓN
N° Páginas 270 páginas :
Otros detalles ilustraciones, fotografías, retratos ;
Dimensiones 27 cm.
Material Adicional
440 ## - MENCIÓN DE SERIE
Título de la Serie
Número de Serie
Volumen de Serie
650 ## - TEMAS
Temas Ciencias Sociales
653 ## - DESCRIPTORES
Lenguajes no controlado Italianos - Perú - Historia; Emigración e inmigración - Perú - Siglos XIX - XXI; Italianos - Perú - Arte
654 ## - PROGRAMAS
Programa
700 ## - OTROS AUTORES
Otros autores
Títulos y otras palabras asociadas con el nombre
856 ## - URL - UBICACIÓN
URI/URL: Enlace exacto del recurso <a href="https://research-ebsco-com.ucsp.lookproxy.com/c/qxo6us/search">https://research-ebsco-com.ucsp.lookproxy.com/c/qxo6us/search</a>
Nota pública: Versión digital <a href="Véase además: Base de datos EBSCOhost">Véase además: Base de datos EBSCOhost</a>
942 ## - ELEMENTOS DE KOHA
Tipo de documento Libro
Nombre del creador Justo Noguera
Código de catalogador Margarita Torres
Esquema de clasificación Dewey Decimal Classification
Suppress in OPAC
Existencias
Codigo completo Registro Colección Copia número Disponibilidad Tipo de préstamo Biblioteca Actual Procedencia (Biblioteca) Ubicacón Fecha Ingreso Tipo de Adquisición Date last seen Total checkouts Price effective from Tipo de Item Estado del Material Fuente de Clasificación Damaged status Withdrawn status
325.2450985 B73 1085372 Universidad Católica San Pablo 1 Disponible Disponible Víctor Andrés Belaunde Víctor Andrés Belaunde Planta baja abierta 08/04/2026 Donación 08/04/2026   08/04/2026 Libro Bueno Dewey Decimal Classification